Slovenský kresťanský socialista [Žilinský] politický, spoločenský a poučný týždenník : orgán všetkých telesných a duševných robotníkov

Bibliographic Details
New Title:Slovenský robotník
Corporate Authors: Biel, Leopold (Žilina) (Printer), Spriska, Ján (Žilina) (Printer), Lev, kníhtlačiarsky a nakladateľský spolok (Ružomberok) (Printer), Andrej (Bratislava) (Printer)
Other Authors: Vrabec, Jozef (Publishing director), Kubiš, Robert (Publishing director), Labay, Ľudovít (Publishing director), Čavojský, Rudolf, 1901-1983 (Publishing director)
Format: Journal
Language:Slovak
PhysicalDescription:12 zv. 42 x 29 cm
Published: Žilina Zemský Sekretariát slovenského kresťanského robotníctva 1921-1932
Žilina Ústredný Sekretariát slovenského kresťanského robotníctva
Žilina Jozef Vrabec
Žilina Všeodborové Sdruženie kresťanského socialistického robotníctva slovenského zorganizované v slovenskej ľudovej strane
Ružomberok Všeodborové sdruženie kresťanského socialistického robotníctva
Ružomberok Ústredie Všeodborového sdruženia slovenských kresťanských socialistov
Ružomberok
Ružomberok
Bratislava
Subjects:

MARC

LEADER 00000cas a2200000 a 4500
001 vtls010298563
003 SK-MaSNL
005 20260228163428.0
008 200319d19211932xo sr|p r 0 b0slo
040 |a SNK  |b slo  |c SNK  |e AACR2 
041 0 |a slo 
044 |a xo  |c SK 
072 7 |a 32  |x Politika  |2 konspekt 
072 7 |a 316  |x Sociológia  |2 konspekt 
080 |a 32  |2 2011 
080 |a 316.728  |2 2011 
080 |a 314/316(051)  |2 2011 
080 |a 329(051)  |2 2011 
080 |a 050  |2 2011 
245 0 0 |a Slovenský kresťanský socialista [Žilinský]  |b politický, spoločenský a poučný týždenník : orgán všetkých telesných a duševných robotníkov 
246 1 3 |a Slovenský kresťanský socialista  |f 4/1921-1932 
260 |a Žilina  |b Zemský Sekretariát slovenského kresťanského robotníctva  |c 1921-1932 
260 2 |3 27/1921-24/1922  |a Žilina  |b Ústredný Sekretariát slovenského kresťanského robotníctva 
260 2 |3 25/1922-29/1922  |a Žilina  |b Jozef Vrabec 
260 2 |3 30/1922-43/1922  |a Žilina  |b Ústredný Sekretariát slovenského kresťanského robotníctva 
260 2 |3 44/1922-6/1923  |a Ružomberok  |b Ústredný Sekretariát slovenského kresťanského robotníctva 
260 2 |3 7/1923-20/1925  |a Ružomberok  |b Všeodborové Sdruženie kresťanského socialistického robotníctva slovenského zorganizované v slovenskej ľudovej strane 
260 2 |3 21/1925-16/1926  |a Ružomberok  |b Všeodborové sdruženie kresťanského socialistického robotníctva 
260 2 |3 17/1926-13/1928  |a Ružomberok  |b Ústredie Všeodborového sdruženia slovenských kresťanských socialistov 
260 3 |3 14/1928-1932  |a Bratislava  |b Ústredie Všeodborového sdruženia slovenských kresťanských socialistov 
300 |a 12 zv.  |c 42 x 29 cm 
310 |a 2x mesačne  |b 12/1930-1932 
321 |a 3x mesačne  |b 1/1930-11/1930 
321 |a 1x týždenne  |b 8/1929-40/1929 
321 |a 2x mesačne  |b 6/1926-7/1929 
321 |a 1x týždenne  |b 10/1925-5/1926 
321 |a 2x mesačne  |b 5/1924-9/1925 
321 |a 1x týždenne  |b 1921-4/1924 
362 0 |a Roč. I, č. 1 (2.1.1921)-roč. XII, č. 17 (1932) 
500 |a Zmena podnázvu: od č. 7 (13. febr. 1921) orgán Všeodborového sdruženia slov. kresť. robotníctva sorganizovaného v slov. ľudovej strane ; od č. 26 (27. júla 1922) orgán všeodborového sdruženia slov. kresť. robotníctva sorganizovaného v Opozičnom krídle slov. ľud. strany ; od č. 30 (27. aug. 1922) orgán všeodborového sdruženia slov. kresť. robotníctva sorganizovaného v slovenskej ľudovej strane ; od č. 7 (1. marca 1924) orgán všeodborového sdruženia kresťanského soc. robotníctva slovenského sorganizovaného v slovenskej ľudovej strane ; od č. 21 (23. aug. 1925) orgán Všeodborového sdruženia slovenských kresťanských socialistov sorganizovaných v slovenskej ľudovej strane 
500 |a Vych. v Žiline; od 39/II (5. nov. 1922) v Ružomberku; od 19/VIII (4. nov. 1928) v Bratislave každú nedeľu; od 5/IV (3. febr. 1924) dvakrát mesačne; od 7/IV (1. marca 1924) 1-ho a 15-ho každý mesiac; od 10/V (1. júna 1925) týždenne; od 6/VI (7. marca 1926) dva razy mesačne; od 8/IX (28. apr. 1929) každý štvrtok s dátumom nasledujúcej nedele; od 1/X (10. jan. 1930) s dátumom každého 1-ho, 10-ho a 20-ho v mesiaci; od 12/X (15. júla 1930) dva razy mesačne; od 13/X (1. aug. 1930) každého 1-ho a 15-ho v mesiaci vo formáte 42 x 29 cm; od 26/III (2. sept. 1923) 29 x 20 cm; od 7/IV (1. marca 1924) 41 x 28 cm; od 1/XI (15. jan. 1931) 45 x 31 cm 
500 |a Zodp. red. Jozef Vrabec ; od č. 31 (3. sept. 1922) Robert Kubiš ; od č. 41 (19. nov. 1922) Ľudovít Labay ; od č. 11 (1. mája 1924) Rudo Čavojský. Red. od č. 1 (6. jan. 1924) Rudo Čavojský. Hlav. spoluprac. Juraj Hodál 
500 |a Maj. a vyd. Zemský Sekretariát slov. kresť. robotníctva. Žilina; od 27/I (26. júna 1921) Ústredný Sekretariát slov. kresť. robotníctva, Žilina; od 25/II (20. júla 1922) Jozef Vrabec; od 30/II (27. aug. 1922) Ústredný Sekretariát slov. kresť. robotníctva v Žiline; od 44/II (10. dec. 1922) Ústredný Sekretariát slov. kresť. robotníctva v Ružomberku; od 7/III (4. marca 1923) Všeodborové Sdruženie kresť. soc. robotníctva slovenského zorganizované v slovenskej ľudovej strane; od 21/V (23. aug. 1925) Všeodborové Sdruženie slovenských kresťanských socialistov; od 17/VI (1. sept. 1926) Ústredie Všeodbor. sdruženia slov. kresť. socialistov v Ružomberku; od 14/VIII (19. aug. 1928) Ústredie Všeodbor. sdruženia slov. kresť. socialistov v Bratislave 
500 |a Tlač. L. Biel, Žilina ; od č. 26 (27. júla 1922) Ján Spriska, Žilina ; od č. 30 (27. aug. 1922) L. Biel, Žilina ; od č. 39 (5. nov. 1922) Lev, kníhtlač. a nakl. spol., úč. spol., Ružomberok ; od č. 1 (15. jan. 1931) Kníhtlačiareň Sv. Andreja Bratislava 
500 |a Začal vychádzať 2. januára 1921. Vydávanie časopisu povolil Župný úrad v Trenčíne výmerom čís. 32904/20 
580 |a Od r. 1933 ďalej pokračoval pod názvom Slovenský robotník 
650 0 7 |a politika  |2 SNKPH  |9 968 
650 0 7 |a spoločenský život  |2 SNKPH  |9 28654 
655 7 |a spoločenské časopisy  |2 SNKPH  |9 70515 
655 7 |a časopisy politických strán a hnutí  |2 SNKPH  |9 237919 
700 1 |a Vrabec, Jozef  |4 pbd  |9 273027 
700 1 |a Kubiš, Robert  |4 pbd  |9 273979 
700 1 |a Labay, Ľudovít  |4 pbd  |9 273745 
700 1 |a Čavojský, Rudolf,  |d 1901-1983  |4 pbd  |4 red  |9 39103 
700 1 |a Hodál, Juraj,  |d 1888-1963  |4 red  |9 38600 
710 2 |a Zemský sekretariát slovenského kresťanského robotníctva  |4 pbl  |9 273980 
710 2 |a Ústredný sekretariát slovenského kresťanského robotníctva (Žilina)  |4 pbl  |9 273981 
710 0 |a Vrabec, Jozef (Žilina)  |4 pbl  |9 273031 
710 2 |a Ústredný sekretariát slovenského kresťanského robotníctva (Ružomberok)  |4 pbl  |9 273982 
710 2 |a Všeodborové združenie slovenských kresťanských socialistov  |b Ústredie Ružomberok  |4 pbl  |9 273983 
710 2 |a Všeodborové združenie slovenských kresťanských socialistov  |b Ústredie Bratislava  |4 pbl  |9 273984 
710 0 |a Biel, Leopold (Žilina)  |4 prt  |9 272307 
710 0 |a Spriska, Ján (Žilina)  |4 prt  |9 273033 
710 2 |a Lev, kníhtlačiarsky a nakladateľský spolok (Ružomberok)  |4 prt  |9 268947 
710 2 |a Andrej (Bratislava)  |4 prt  |9 269283 
785 0 0 |t Slovenský robotník  |w vtls010300481 
910 |a snk 
999 |c 9404  |d 11334 
952 |0 0  |1 0  |4 0  |7 0  |a SNK  |b SNK  |d 1997-09-18  |l 0  |o snkČSA 78/3/1923  |p 17A0094998  |r 2005-01-02 00:00:00  |t č. 1-42  |w 2026-02-21  |y PREZ 
952 |0 0  |1 0  |4 0  |7 0  |a SNK  |b SNK  |d 1997-09-18  |l 0  |o snkČSA 78/2/1922  |p 17A0093114  |r 2005-01-02 00:00:00  |t č. 1-46  |w 2026-02-21  |y PREZ 
952 |0 0  |1 0  |4 0  |7 0  |a SNK  |b SNK  |d 1997-10-25  |l 0  |o snkČSA 78/5/1925  |p 17A0104429  |r 2005-01-02 00:00:00  |t č. 1-37  |w 2026-02-21  |y PREZ 
952 |0 0  |1 0  |4 0  |7 0  |a SNK  |b SNK  |d 1998-01-28  |l 0  |o snkČSA 78/1/1921  |p 17A0120720  |r 2005-01-02 00:00:00  |t č. 1-53  |w 2026-02-21  |y PREZ 
952 |0 0  |1 0  |4 0  |7 0  |a SNK  |b SNK  |d 1998-11-20  |l 0  |o snkČSA 78/12/1932  |p 17A0170295  |r 2005-01-02 00:00:00  |t č. 1-17  |w 2026-02-21  |y PREZ 
952 |0 0  |1 0  |4 0  |7 0  |a SNK  |b SNK  |d 1998-11-20  |l 0  |o snkČSA 78/11/1931  |p 17A0170369  |r 2005-01-02 00:00:00  |t č. 1-21  |w 2026-02-21  |y PREZ 
952 |0 0  |1 0  |4 0  |7 0  |a SNK  |b SNK  |d 1998-11-20  |l 0  |o snkČSA 78/9/1929  |p 17A0170292  |r 2005-01-02 00:00:00  |t č. 1-40  |w 2026-02-21  |y PREZ 
952 |0 0  |1 0  |4 0  |7 0  |a SNK  |b SNK  |d 1998-11-20  |l 0  |o snkČSA 78/10/1930  |p 17A0170294  |r 2005-01-02 00:00:00  |t č. 1-21  |w 2026-02-21  |y PREZ 
952 |0 0  |1 0  |4 0  |7 0  |a SNK  |b SNK  |d 1998-11-20  |l 0  |o snkČSA 78/4/1924  |p 17A0170230  |r 2005-01-02 00:00:00  |t č. 1-26  |w 2026-02-21  |y PREZ 
952 |0 0  |1 0  |4 0  |7 0  |a SNK  |b SNK  |d 1998-11-20  |l 0  |o snkČSA 78/8/1928  |p 17A0170293  |r 2005-01-02 00:00:00  |t č. 1-23  |w 2026-02-21  |y PREZ 
952 |0 0  |1 0  |4 0  |7 0  |a SNK  |b SNK  |d 1998-11-20  |l 0  |o snkČSA 78/6/1926  |p 17A0170437  |r 2005-01-02 00:00:00  |t č. 1-22  |w 2026-02-21  |y PREZ 
952 |0 0  |1 0  |4 0  |7 0  |a SNK  |b SNK  |d 1998-11-20  |l 0  |o snkČSA 78/7/1927  |p 17A0170261  |r 2005-01-02 00:00:00  |t č. 1-21  |w 2026-02-21  |y PREZ